| 000 | 00481nam a2200193 a 4500 | ||
|---|---|---|---|
| 001 | 1774864617238 | ||
| 003 | YourLibrary | ||
| 005 | 20260330153038.0 | ||
| 008 | 260330s1997##################000#0#eng## | ||
| 020 | _a9780231099844 | ||
| 082 | 0 | 4 |
_a361.0072 _bFOR |
| 100 | 1 |
_aOttonello, Giulio, _eauthor. |
|
| 245 | 1 | 0 | _aPrinciples of Geochemistry : |
| 260 | _c1997. | ||
| 300 | _a894 pages | ||
| 650 | 0 | _aScience. | |
| 942 | _cENGLISH | ||
| 040 |
_aYourLibrary _beng _cYourLibrary |
||
| 999 |
_c618327 _d618327 |
||